Ricostruisci la Carriera del Calciatore - Bruno Alves - Statistics

Statistiche generali
  • Questo quiz è stato fatto 4 volte
  • Il punteggio medio è 2 su 11
Statistiche sulle risposte
Hint Risposta % Corretto
2021-2022 Apollōn Smyrnīs
67%
2013-2016 Fenerbahçe
33%
2018-2021 Parma
33%
1999-2002 Porto B
33%
2003-2004 Vitória Guimarães
33%
2004-2005 AEK Atene
0%
2016-2017 Cagliari
0%
2002-2003 Farense
0%
2005-2010 Porto
0%
2017-2018 Rangers
0%
2010-2013 Zenit San Pietroburgo
0%
Nessun quiz corrispondente trovato
Distribuzione punteggi
Percentuale di utenti per punteggio
Percentile per numero di risposta
I tuoi punteggi nel tempo
Non hai fatto questo quiz